000 01701nam a2200385 a 4500
001 ebr10246312
003 CaPaEBR
006 m u
007 cr cn|||||||||
008 080411s2008 cauab sb 000 0 eng
010 _z 2008016686
020 _z9780833041333 (pbk. : alk. paper)
020 _z0833041339 (pbk. : alk. paper)
040 _aCaPaEBR
_cCaPaEBR
035 _a(OCoLC)560510318
043 _aa-af---
050 1 4 _aDS371.4
_b.J66 2008eb
082 0 4 _a958.104/7
_222
100 1 _aJones, Seth G.,
_d1972-
245 1 0 _aCounterinsurgency in Afghanistan
_h[electronic resource] /
_cSeth G. Jones.
260 _aSanta Monica :
_bRAND National Defense Research Institute,
_c2008.
300 _axvii, 157 p. :
_bill., maps.
490 1 _aRand counterinsurgency study ;
_vv. 4
504 _aIncludes bibliographical references (p. 139-155).
505 0 _aSuccess in counterinsurgency warfare -- The age of insurgency -- Insurgents and their support network -- Afghan government and security forces -- U.S. and coalition forces -- Recommendations.
533 _aElectronic reproduction.
_bPalo Alto, Calif. :
_cebrary,
_d2013.
_nAvailable via World Wide Web.
_nAccess may be limited to ebrary affiliated libraries.
650 0 _aCounterinsurgency
_zAfghanistan.
650 0 _aAfghan War, 2001-
_xCommando operations.
650 0 _aCounterinsurgency.
651 0 _aAfghanistan
_xPolitics and government
_y2001-
655 7 _aElectronic books.
_2local
710 2 _aebrary, Inc.
830 0 _aRand counterinsurgency study ;
_vv. 4.
856 4 0 _uhttp://site.ebrary.com/lib/rucke/Doc?id=10246312
_zAn electronic book accessible through the World Wide Web; click to view
999 _c150397
_d150397